Southville International School and Colleges
Your cart is empty.
  • Cart
  • Lists
    Public lists Eva Luna New books Lux_list list_1
    Your lists Log in to create your own lists
  • Log in to your account
  • Your cookies
  • Search history
Southville International School and Colleges
  • Advanced search
  • Recent comments
  • Most popular
  • Libraries

Log in to your account

Log in with GOOGLE


If you do not have an external account, but do have a local account, you can still log in:

  1. Home
  2. MARC view: Invitation to human communication /
Normal view MARC view ISBD view

Invitation to human communication / (Record no. 290441)

[ view plain ]
MARC details
000 -LEADER
fixed length control field 01412cam a2200325 i 4500
001 - CONTROL NUMBER
control field 17398065
003 - CONTROL NUMBER IDENTIFIER
control field PILC
005 - DATE AND TIME OF LATEST TRANSACTION
control field 20160119084752.0
008 - FIXED-LENGTH DATA ELEMENTS--GENERAL INFORMATION
fixed length control field 120723s2014 maua b 001 0 eng d
010 ## - LIBRARY OF CONGRESS CONTROL NUMBER
LC control number 2012945042
020 ## - INTERNATIONAL STANDARD BOOK NUMBER
International Standard Book Number 9780495501961 (pbk.)
020 ## - INTERNATIONAL STANDARD BOOK NUMBER
International Standard Book Number 0495501964 (pbk.)
035 ## - SYSTEM CONTROL NUMBER
System control number (OCoLC)ocn800033066
040 ## - CATALOGING SOURCE
Original cataloging agency BTCTA
Language of cataloging eng
Description conventions rda
Transcribing agency BTCTA
Modifying agency YDXCP
-- BWX
-- NGU
-- Z6E
-- OCLCF
-- OCLCQ
-- DLC
042 ## - AUTHENTICATION CODE
Authentication code lccopycat
050 00 - LIBRARY OF CONGRESS CALL NUMBER
Classification number P 90
Item number .G724 2014
082 04 - DEWEY DECIMAL CLASSIFICATION NUMBER
Classification number 302.2 UKP
100 1# - MAIN ENTRY--PERSONAL NAME
Personal name Griffin, Cindy L.
245 10 - TITLE STATEMENT
Title Invitation to human communication /
Statement of responsibility, etc Cindy L. Griffin, Jennifer Emerling Bone.
260 ## - PUBLICATION, DISTRIBUTION, ETC. (IMPRINT)
Place of publication, distribution, etc USA :
Name of publisher, distributor, etc Cengage Learning,
Date of publication, distribution, etc 2014.
300 ## - PHYSICAL DESCRIPTION
Extent xxv, 456 pages :
Other physical details color illustrations ;
Dimensions 26 cm.
500 ## - GENERAL NOTE
General note Includes bibliographical references and index.
500 ## - GENERAL NOTE
General note "Invitation to human communication, working in partnership with National Geographic, acknowledges the complexity of today's world, the power of communication, and the necessity of teaching students the foundational skills they will need to both compete and succeed in this complex and exciting environment."--Preface.
650 #0 - SUBJECT ADDED ENTRY--TOPICAL TERM
Topical term or geographic name as entry element Communication.
700 1# - ADDED ENTRY--PERSONAL NAME
Personal name Bone, Jennifer Emerling.
710 2# - ADDED ENTRY--CORPORATE NAME
Corporate name or jurisdiction name as entry element National Geographic Learning (Firm)
906 ## - LOCAL DATA ELEMENT F, LDF (RLIN)
a 7
b cbc
c copycat
d 2
e ncip
f 20
g y-gencatlg
942 ## - ADDED ENTRY ELEMENTS (KOHA)
Source of classification or shelving scheme Library of Congress Classification
Koha item type Books
Call number prefix Foreign
Holdings
Withdrawn status Lost status Source of classification or shelving scheme Damaged status Home library Current library Shelving location Date acquired Source of acquisition Sub Shelving location Total Checkouts Total Renewals Full call number Barcode Date last seen Date checked out Price effective from Koha item type
    Library of Congress Classification   College Library College Library Reserve Section 01/19/2016 Library Fund   1 3 P 90 .G724 2014 C20363 05/15/2018 02/24/2016 01/19/2016 Books

Invitation to human communication /

APA

Griffin C. L., Bone J. E. & National Geographic Learning (Firm). (2014). Invitation to human communication. USA: Cengage Learning.

Chicago

Griffin Cindy L, Bone Jennifer Emerling and National Geographic Learning (Firm). 2014. Invitation to human communication. USA: Cengage Learning.

Harvard

Griffin C. L., Bone J. E. and National Geographic Learning (Firm). (2014). Invitation to human communication. USA: Cengage Learning.

MLA

Griffin Cindy L, Bone Jennifer Emerling and National Geographic Learning (Firm). Invitation to human communication. USA: Cengage Learning. 2014.

  • Place hold
  • Print
  • Cite
  • Add to your cart (remove)
  • Save record
    BIBTEX Dublin Core MARCXML MARC (non-Unicode/MARC-8) MARC (Unicode/UTF-8) MARC (Unicode/UTF-8, Standard) MODS (XML) RIS
  • More searches
    Search for this title in:
    Other Libraries (WorldCat) Other Databases (Google Scholar) Online Stores (Bookfinder.com) Open Library (openlibrary.org)

Exporting to Dublin Core...

SOUTHVILLE LIBRARY

Southville International School and Colleges Library

1281 Tropical Ave. Cor. Luxembourg St., BF Homes International, Las Pinas City

Tel. No. 8256374 / 252358 Loc. 117/146

Powered by Koha